[Event "interzonal (w)"]
[Site "Subotica YUG"]
[Date "1991.??.??"]
[Round "13"]
[White "Sofieva, Ainur"]
[Black "Peng Zhaoqin"]
[Result "1/2-1/2"]
[WhiteElo "2390"]
[BlackElo "2375"]
[EventDate "1991.11.??"]
[PlyCount "93"]

1.e4 e6 2.d3 c5 3.Nf3 Nc6 4.g3 g6 5.Bg2 Bg7 6.O-O Nge7 7.c3 e5 8.Be3 d6 9.
d4 exd4 10.cxd4 Bg4 11.dxc5 dxc5 12.Qb3 b6 13.Rd1 Qc8 14.Na3 O-O 15.Nb5 
Be6 16.Qc2 Bh3 17.Nd6 Qg4 18.Bh1 h6 19.Ne1 Rad8 20.Bf3 Qe6 21.Nb5 a6 22.
Nc3 Nd4 23.Bxd4 Bxd4 24.Ne2 Nc6 25.Nf4 Qc8 26.Nxh3 Qxh3 27.Bg2 Qe6 28.Nf3 
Bg7 29.a3 Na5 30.Rab1 Qc4 31.Qxc4 Nxc4 32.Rxd8 Rxd8 33.Bf1 Nxb2 34.e5 Na4 
35.Bxa6 g5 36.h3 Kf8 37.Kg2 f6 38.Rb3 fxe5 39.Bb5 c4 40.Bxc4 e4 41.Nh2 Rd4
42.Bb5 Nc5 43.Rb1 Rd2 44.Nf1 Ra2 45.Bc4 Rb2 46.Rxb2 Bxb2 47.Ne3 1/2-1/2

[Event "interzonal (w)"]
[Site "Subotica YUG"]
[Date "1991.??.??"]
[Round "13"]
[White "Voiska, Margarita"]
[Black "Basagic, Vesna"]
[Result "1/2-1/2"]
[WhiteElo "2335"]
[BlackElo "2305"]
[EventDate "1991.11.??"]
[PlyCount "95"]

1.c4 e6 2.Nf3 d5 3.d4 Nf6 4.Nc3 Bb4 5.cxd5 exd5 6.Bg5 Nbd7 7.e3 c5 8.Bd3 
Qa5 9.Qc2 c4 10.Bf5 O-O 11.O-O Re8 12.Bh4 Bxc3 13.bxc3 Ne4 14.Rfc1 Nb6 15.
Bxc8 Raxc8 16.Nd2 Na4 17.Nb1 g5 18.f3 gxh4 19.fxe4 dxe4 20.Rf1 Rc6 21.Rf4 
h3 22.g3 Rb6 23.Qe2 Qb5 24.Rf2 Nb2 25.Na3 Qc6 26.Raf1 Nd3 27.Rxf7 Qg6 28.
Nxc4 Rc6 29.Ne5 Nxe5 30.dxe5 Rxe5 31.Qf2 Re8 32.Rxb7 Rxc3 33.Rxa7 Rec8 34.
Rf7 Rc1 35.Rf8+ Kg7 36.Rf7+ Kg8 37.Rf8+ Kg7 38.Qb2+ Kh6 39.Rf6 Rxf1+ 40.
Kxf1 Rc1+ 41.Ke2 Rc2+ 42.Qxc2 Qxf6 43.Qxe4 Qb2+ 44.Kf3 Qg2+ 45.Kf4 Qxh2 
46.Kg4 Qg2 47.Qe6+ Kg7 48.Qe7+ 1/2-1/2

[Event "interzonal (w)"]
[Site "Subotica YUG"]
[Date "1991.??.??"]
[Round "13"]
[White "Wang Pin"]
[Black "Madl, Ildiko"]
[Result "1/2-1/2"]
[WhiteElo "2220"]
[BlackElo "2380"]
[EventDate "1991.11.??"]
[PlyCount "39"]

1.e4 c5 2.Nf3 d6 3.d4 cxd4 4.Nxd4 Nf6 5.Nc3 Nc6 6.Bc4 e6 7.Be3 a6 8.Qe2 
Qc7 9.Bb3 Na5 10.O-O-O b5 11.Bg5 Nxb3+ 12.axb3 Be7 13.f4 b4 14.Na4 Bb7 15.
Bxf6 gxf6 16.Kb1 Rc8 17.Rhe1 Qa5 18.Qe3 Rc7 19.Re2 h5 20.Red2 1/2-1/2